| 000 | 00657nam a22002057a 4500 | ||
|---|---|---|---|
| 003 | BD-DhUL | ||
| 005 | 20201119111551.0 | ||
| 008 | 201102s2020 bg |||| |||| 000 0 ben | ||
| 020 | _a9789849436256 (hbk) | ||
| 040 |
_aBD-DhUL _cBD-DhUL |
||
| 082 |
_a891.443 _bHOE |
||
| 100 | 1 | _aহক, আনিসুল | |
| 245 | 0 | 0 |
_aএখানে থেমো না / _cআনিসুল হক। |
| 260 |
_aঢাকা : _bপ্রথমা, _c২০২০। |
||
| 300 |
_a২৭১ পৃ. ; _c২২ সেমি. |
||
| 365 |
_aBDT _b520.00 |
||
| 650 | 4 | _aবাংলা উপন্যাস। | |
| 650 | 4 | _aBengali fiction. | |
| 942 |
_2ddc _cBK |
||
| 999 |
_c252190 _d252190 |
||